00718nam a2200169Ia 45000010005000000030004000050050017000090080041000260200014000670400031000810820030001121100143001422450135002852600024004206500012004447100092004563737OSt20250224091515.0241024s2012 dr adcofrb o001 0cund d a2307-2393 aCGID009bspacCGID009erda04aRD/371.3/R426m/2012/2221 aRepública Dominicana. Ministerio de Educación. Instituto Dominicano de Evaluación e Investigación de la Calidad Educativa (IDEICE) 0aMemoria 3er. congreso internacional IDEICE, 2012.cInstituto Dominicano de Evaluación e Investigación de la Calidad Educativa  bSanto Domingoc2012 aMemoria aInstituto Dominicano de Evaluación e Investigación de la Calidad Educativa (IDEICE)